| 000 | 01666nam a2200349 i 4500 | ||
|---|---|---|---|
| 999 |
_c65494 _d65494 |
||
| 001 | 768714001 | ||
| 003 | CO-MdFUSB | ||
| 005 | 20200519100404.0 | ||
| 007 | ta | ||
| 008 | 200324b2003 -us |||| |||| 00| 0 eng d | ||
| 020 | _a9781565633636 | ||
| 040 |
_aCO-MdFUSB _bspa _cCO-MdFUSB _dCO-MdFUSBC _erda |
||
| 041 | _aeng | ||
| 082 |
_223 _a220.13 _bA179 |
||
| 100 |
_aAchtemeier, Paul J. _eautor |
||
| 242 | 1 |
_aInspiración y autoridad : _bnaturaleza y función de las escrituras en el cristianismo. _linglés |
|
| 245 | 1 |
_aInspiration and authority : _bnature and function of Christian Scripture _c/ Paul J. Achtemeier |
|
| 264 | 1 |
_aEstados Unidos : _bHendrickson Publishers, _c[2003] |
|
| 264 | 4 | _c© 2003 | |
| 300 |
_a166 páginas _c; |
||
| 336 |
_2rdacontent _atexto _btxt |
||
| 337 |
_2rdamedia _asin mediación _bn |
||
| 338 |
_2rdacarrier _avolumen _bnc |
||
| 500 | _aColección Dawn Christina Harrell | ||
| 505 | _aConsiderando dos puntos de vista contemporáneos -- Cómo se formaron las Escrituras -- Problemas viejos y nuevos. | ||
| 520 | _aEn una evaluación de las Escrituras como la palabra de Dios, la inspiración es un elemento esencial. La larga experiencia protestante con este tema es fructífera y dolorosa, ya que muchos han sacado conclusiones falsas de la creencia justificada en la inspiración. Paul Achtemeier es un erudito de primer nivel que combina la investigación científica con la fe, y su sensibilidad y honestidad hacen de este un libro muy útil para todos los interesados en la Biblia. | ||
| 650 | 0 |
_916 _aBiblia |
|
| 650 | 0 |
_91075 _aInspiración |
|
| 942 | _cBK | ||
| 945 | _aJTF-925 | ||